Guess the Popular Movies of Actors on Letterboxd #2 - Statistics

General Stats
  • This quiz has been taken 80 times
  • The average score is 10 of 15
Answer Stats
Actor Role Year Movie % Correct
Robert Pattinson Bruce Wayne / Batman 2022 The Batman
100%
Christian Bale Bruce Wayne / Batman 2008 The Dark Knight
96%
Robert Pattinson Edward Cullen 2008 Twilight
89%
Christian Bale Patrick Bateman 2000 American Psycho
86%
Robert Pattinson Cedric Diggory 2005 Harry Potter and the Goblet of Fire
79%
Will Smith James Edwards / Agent J 1997 Men in Black
79%
Christian Bale Bruce Wayne / Batman 2012 The Dark Knight Rises
79%
Christian Bale Bruce Wayne / Batman 2005 Batman Begins
76%
Will Smith Floyd Lawton / Deadshot 2016 Suicide Squad
71%
Will Smith Genie / Mariner 2019 Aladdin
70%
Christian Bale Gorr the God Butcher 2022 Thor: Love and Thunder
51%
Will Smith Dr. Robert Neville 2007 I Am Legend
39%
Will Smith Chris Gardner 2006 The Pursuit of Happyness
38%
Robert Pattinson Neil 2020 Tenet
37%
Robert Pattinson Thomas Howard 2019 The Lighthouse
33%
No matching quizzes found
Score Distribution
Percent of People with Each Score
Percentile by Number Answered
Your Score History
You have not taken this quiz